Normal view
MARC view
- Nordin, Astrid
Entry Personal Name
001 - CONTROL NUMBER
- control field: 99137
003 - CONTROL NUMBER IDENTIFIER
- control field: NUST
005 - DATE AND TIME OF LATEST TRANSACTION
- control field: 20221005095607.0
008 - FIXED-LENGTH DATA ELEMENTS
- fixed length control field: 221005|| aca||aabn | a|a d
040 ## - CATALOGING SOURCE
- Original cataloging agency: NUST
- Transcribing agency: NUST
100 ## - HEADING--PERSONAL NAME
- Personal name: Nordin, Astrid
670 ## - SOURCE DATA FOUND
- Source citation: Work cat.: (NUST)0: Nordin, Astrid, author., China's international relations and harmonious world :
